Name All of Wowaka's Songs [VOCALOID] - Statistics

General Stats
  • This quiz has been taken 39 times
  • The average score is 14 of 39
Answer Stats
Answer % Correct
Rolling Girl
93%
Rolling Girl
93%
Unhappy Refrain
79%
Unknown Mother Goose
75%
Ura-Omote Lovers
75%
Ura-omote Lovers
75%
World's End Dancehall
75%
World's End Dancehall
75%
Gray Zone ni te
46%
Gray Zone ni te
46%
Toosenbo
46%
Toosenbo
46%
Tenohira
43%
Tenohira
43%
Zureteiku
43%
Zureteiku
43%
Line Art
39%
Line Art
39%
Boku no Sainou
36%
Boku no Sainou
36%
Tsumiki no Ningyou
36%
Tsumiki no Ningyou
36%
Reversible Doll
25%
Reversible Doll
25%
Prism Cube
18%
Nichijou to Chikyuu no Gakubuchi
14%
Tokyo Joke
14%
Oikakeru
11%
Omake
11%
Tenohira (retake)
11%
Yurari Furari
11%
Ishiki no Nedan
7%
Shirotou
7%
Shoujo ni Tsuite
7%
Himitsu no Nedan
4%
Jiban Chinka
4%
Meisou Hanabi
4%
Sekai no Subete
4%
Tenbin, Tokei, Denwa
4%
No matching quizzes found
Score Distribution
Percent of People with Each Score
Percentile by Number Answered
Your Score History
You have not taken this quiz